| 000 | 00340nam a2200145Ia 4500 | ||
|---|---|---|---|
| 008 | 230312s9999||||xx |||||||||||||| ||und|| | ||
| 020 | _a9781617294945 | ||
| 082 |
_a005.276 _bWAL-S |
||
| 100 | _aKhalil,K,Hassan | ||
| 245 | 0 | _aNonlinear control | |
| 260 |
_bManning _aUSA _c2019 |
||
| 300 | _a498 | ||
| 650 |
_aComputer _vJava |
||
| 942 | _cBK | ||
| 999 |
_c17671 _d17671 |
||